| 000 | 00516nam a2200169Ia 4500 | ||
|---|---|---|---|
| 999 |
_c11623 _d11623 |
||
| 003 | OSt | ||
| 005 | 20201005123903.0 | ||
| 008 | 190216s9999||||xx |||||||||||||| ||und|| | ||
| 040 | _coclc | ||
| 082 |
_a823.092 _bLOC/L |
||
| 100 |
_aLockhart, John Gibson _95095 |
||
| 245 | 4 |
_aThe Life Of Sir Walter Scott / _cJohn Gibson Lockhart |
|
| 260 |
_bM S R Murty & Company, _c1952. _aVisakhapatnam: |
||
| 300 | _a158p | ||
| 650 | _aEnglish General | ||
| 942 |
_cBK _2ddc _h823.092 _iLOC/L _k823.092 _mLOC/L |
||